Satellite communication (Record no. 5130)

MARC details
000 -LEADER
fixed length control field 00402nam a22001697a 4500
005 - DATE AND TIME OF LATEST TRANSACTION
control field 20211001170824.0
008 - FIXED-LENGTH DATA ELEMENTS--GENERAL INFORMATION
fixed length control field 160701b xxu||||| |||| 00| 0 eng d
020 ## - INTERNATIONAL STANDARD BOOK NUMBER
ISBN 978-81-775-8243-7
041 ## - LANGUAGE CODE
Language code of text/sound track or separate title eng
082 ## - DEWEY DECIMAL CLASSIFICATION NUMBER
Item number 20793
100 ## - MAIN ENTRY--AUTHOR NAME
Personal name Timoththy pratt and others
245 ## - TITLE STATEMENT
Title Satellite communication
260 ## - PUBLICATION, DISTRIBUTION, ETC. (IMPRINT)
Name of publisher Willy
300 ## - PHYSICAL DESCRIPTION
Number of Pages 512
650 ## - SUBJECT ADDED ENTRY--TOPICAL TERM
Topical Term Diploma Engineering
942 ## - ADDED ENTRY ELEMENTS (KOHA)
Koha item type Books
Holdings
Lost status Damaged status Collection code Home library Current library Shelving location Date acquired Cost, normal purchase price Full call number Accession Number Koha item type
    Reference JRU Library   SHELF-72-C 01/07/2016 579.00 20793 20793 Books
      JRU Library   SHELF-39-L 01/07/2016 579.00 20793 20794 Books